Metric handbook : (Record no. 8247)

000 -LEADER
fixed length control field 02802cam a2200253 a 4500
003 - CONTROL NUMBER IDENTIFIER
control field OSt
005 - DATE AND TIME OF LATEST TRANSACTION
control field 20201007125247.0
008 - FIXED-LENGTH DATA ELEMENTS--GENERAL INFORMATION
fixed length control field 111014s2012 enkab b 001 0 eng
010 ## - LIBRARY OF CONGRESS CONTROL NUMBER
LC control number 2011038605
020 ## - INTERNATIONAL STANDARD BOOK NUMBER
International Standard Book Number 9781856178068 (pbk.)
082 00 - DEWEY DECIMAL CLASSIFICATION NUMBER
Classification number 720
Edition number 23
245 00 - TITLE STATEMENT
Title Metric handbook :
Remainder of title planning and design data /
Statement of responsibility, etc [edited by] David Littlefield.
250 ## - EDITION STATEMENT
Edition statement 4th ed.
260 ## - PUBLICATION, DISTRIBUTION, ETC. (IMPRINT)
Place of publication, distribution, etc London ;
-- New York :
Name of publisher, distributor, etc Routledge,
Date of publication, distribution, etc 2012.
300 ## - PHYSICAL DESCRIPTION
Extent 1 v. (various pagings) :
Other physical details ill., maps ;
Dimensions 30 cm.
500 ## - GENERAL NOTE
General note First ed. published in 1979 as: New metric handbook.
504 ## - BIBLIOGRAPHY, ETC. NOTE
Bibliography, etc Includes bibliographical references and index.
505 8# - FORMATTED CONTENTS NOTE
Formatted contents note Machine generated contents note: (PROVISIONAL) Notation; Basic Design Data; Design and Construction Practice and Techniques; Re-use/Refurbishment/Whole Life Costs ; Design Basics: Buildings & Movement; Design Basics: Spaces/Urban Design; Houses and Flats; Student housing; Homes for the elderly; Hotels; Offices; Retail Trading; Factories and Workshops; Industrial Storage; Agricultural Buildings; Eating and Drinking; Sports Facilities: Indoor; Sports Facilities: Outdoor; Leisure and Community Facilities; Schools and Nurseries; Higher Education; Laboratories; Primary Health Care; Hospitals; Payment offices; Public Buildings; Museums and Art Galleries/Visitor Centres; Libraries and Information Centres / Archives; Terminals and Transport Interchanges; Parking; Sound and Vision Studios; Auditoria; Places of Worship; Structure; Materials; Doors/Windows/Stairs; Heating and Ventilation; Light; Sound; Fire; Security; Designing for the Disabled; Access for Maintenance; Service Distribution.
520 ## - SUMMARY, ETC.
Summary, etc "An essential reference resource for any architect or architect student, the Metric Handbook is the major handbook for planning and design data. For each building type, the book gives basic design requirements, principal dimensional data and details of relevant building regulations. The book also contains information on broader aspects of design applicable to all building types, such as materials, acoustics and lighting, and data on human dimensions and space requirements. Significantly updated, the new edition of this work focuses on sustainable design practice to make projects competitive within a green market. As well as a full revision, including additional new building types and the latest updates to regulation and practice, the book features an improved new layout with color images and text to make it easier to find vital information quickly. Metric Handbook is a tried and tested, authoritative reference for solving everyday planning problems - it is a must have for every design office desk and drawing board"--
650 #0 - SUBJECT ADDED ENTRY--TOPICAL TERM
Topical term or geographic name as entry element Building
General subdivision Details
Form subdivision Drawings.
650 #0 - SUBJECT ADDED ENTRY--TOPICAL TERM
Topical term or geographic name as entry element Metric system.
700 1# - ADDED ENTRY--PERSONAL NAME
Personal name Littlefield, David.
942 ## - ADDED ENTRY ELEMENTS (KOHA)
Source of classification or shelving scheme
Holdings
Withdrawn status Lost status Source of classification or shelving scheme Damaged status Koha normalized classification for sorting Not for loan Permanent location Current location Date acquired Total Checkouts Full call number Barcode Date last seen Date last borrowed Price effective from Koha item type
        720_000000000000000   BMS College of Architecture, Design and Planning BMS College of Architecture, Design and Planning 2020-10-07 5 720 CL-UG66644 2025-03-04 2025-03-03 2020-10-07 UG Books from CL
Copyright © 2025, The Librarian, Library and Information Centre, BMSCA D&P, Bengaluru. All Rights Reserved
web counter

Powered by Koha